000 00286nam a22001217a 4500
008 180316b xxu||||| |||| 00| 0 eng d
041 _aeng
080 _a7
100 _a45
101 _aart
245 _athe paralel betwen literature and visual arts
_cpraz.m
942 _2udc
_cBK
999 _c45201
_d45201